ბათუმის შოთა რუსთაველის სახელმწიფო უნივერსიტეტის ბიბლიოთეკა

Лабораторные приборы и оборудование из стекла и фарфора. (ბიბ.ჩანაწერი № 37444)

000 -LEADER
fixed length control field 00716nam a2200229Ia 4500
001 - CONTROL NUMBER
control field 3403
003 - CONTROL NUMBER IDENTIFIER
control field GE_BSU
008 - FIXED-LENGTH DATA ELEMENTS--GENERAL INFORMATION
fixed length control field 181216s||||||||xx |||||||||||||| ||und||
020 ## - INTERNATIONAL STANDARD BOOK NUMBER
International Standard Book Number 5724500450
040 ## - CATALOGING SOURCE
Transcribing agency GE_BSU
080 ## - UNIVERSAL DECIMAL CLASSIFICATION NUMBER
Universal Decimal Classification number 542.3/.9(035.3)
100 ## - MAIN ENTRY--PERSONAL NAME
Personal name Правдин,П.В.
245 ## - TITLE STATEMENT
Title Лабораторные приборы и оборудование из стекла и фарфора.
245 ## - TITLE STATEMENT
Remainder of title Справ. изд.
245 ## - TITLE STATEMENT
Statement of responsibility, etc. Ред. В.Л.Абрамова.
260 ## - PUBLICATION, DISTRIBUTION, ETC.
Place of publication, distribution, etc. М.
260 ## - PUBLICATION, DISTRIBUTION, ETC.
Name of publisher, distributor, etc. Химия.
260 ## - PUBLICATION, DISTRIBUTION, ETC.
Date of publication, distribution, etc. 1988.
300 ## - PHYSICAL DESCRIPTION
Extent 336 стр. 19 см.
653 ## - INDEX TERM--UNCONTROLLED
Uncontrolled term Лабораторные приборы и оборудование из стекла и фарфора.
942 ## - ADDED ENTRY ELEMENTS (KOHA)
Koha item type წიგნი
ეგზემპლარები
Withdrawn status Lost status Damaged status Not for loan Date acquired Barcode Date last seen Price effective from Koha item type
        2018-12-17 9589 2018-12-17 2018-12-17 წიგნი